Sportifs Croates masculins-Mort subite - Statistiques

Statistiques générales
  • Ce quiz a été pris 39 fois
  • Le résultat moyen est 10 sur 25
Answers on the Grid
Answers color-coded by a green-red scale on the quiz's grid according to % correct below.
Luka Modrić
Davor Suker
Ivan Rakitić
Mario Mandzukić
Ivan Perisić
Dejan Lovren
Domagoj Vida
Mateo Kovacić
Marcelo Brozović
Josko Gvardiol
Andrej Kramarić
Goran Ivanisević
Marin Cilić
Borna Corić
Ivo Karlović
Ivan Ljubičić
Drazen Petrović
Toni Kukoč
Ivano Balić
Mirza Dzomba
Mirko Filipović
Stipe Miočić
Ivica Kostelić
Filip Zubčić
Robert Kiserlovski
Luka Dončić
Zoran Dragić
Dusan Vlahović
Haris Seferović
Vedat Muriqi
David Pastrnák
Janko Tipsarević
Jan Tratnik
Arman Tsarukyan
Patrick Laine
Ondrej Palát
Nemanja Matić
Edin Visća
Laslo Djere
Domen Novak
 
Statistiques - réponses
Réponse % Correct
Luka Modrić
88%
Josko Gvardiol
79%
Ivan Perisić
76%
Mario Mandzukić
70%
Ivan Rakitić
64%
Mateo Kovacić
64%
Marcelo Brozović
61%
Dejan Lovren
58%
Marin Cilić
58%
Andrej Kramarić
52%
Davor Suker
52%
Domagoj Vida
45%
Borna Corić
42%
Ivo Karlović
33%
Goran Ivanisević
27%
Ivan Ljubičić
21%
Ivica Kostelić
21%
Drazen Petrović
15%
Mirko Filipović
15%
Filip Zubčić
9%
Robert Kiserlovski
6%
Toni Kukoč
6%
Ivano Balić
3%
Mirza Dzomba
3%
Stipe Miočić
3%
Aucun quiz correspondant
Distribution des résultats
% des personnes avec chaque résultat
Percentile par nombre de réponses
Votre historique - résultats
Vous n’avez pas pris ce quiz